LDR 00614naa#a2200169#i#450# 001 EN\\bibl\118696 005 20260515084050.5 011 ## _a1994-4683 100 ## _a20230428b2023####ek#y0engy0150####ca 102 ## _aRU 200 1# _aJUMPS INTO THE WATER AS AN EFFECTIVE MEANS OF DEVELOPING THE VESTIBULAR APPARATUS OF STUDENTS _eJournal article 210 1# _aMoscow _cNational State University of Physical Education, Sports and Health named after P.F. Lesgaft _d2023 215 ## _a3 с. 608 ## _aJournal article _2local 675 ## _aПрыжки в воду. 797.26 _z 700 #1 _aZiambetov _gV YU 856 4# _auchzapiski.lesgaft.spb.ru _u